| 000 | 01602cam a2200457 a 4500 | ||
|---|---|---|---|
| 001 | 20437 | ||
| 003 | VRT | ||
| 005 | 20260122140602.0 | ||
| 008 | 240226s1999 xo gr 000 j slo | ||
| 015 | _aSNBA2004/03-02119 | ||
| 020 | _a8088834554 | ||
| 035 | _aSNK000406352 | ||
| 035 | _aurn:nbn:sk:snk-am3iwjl | ||
| 035 | _a726E6EE4-E2A5-4635-BBE0-7DDFF0CE4565 | ||
| 035 | _aurn:nbn:sk:snk-am00g55p | ||
| 039 | 9 |
_a202402261817 _bVLOAD _c202205110850 _dVLOAD _c202201070905 _dVLOAD _c202201051645 _dVLOAD |
|
| 040 |
_aSNK _bslo _cSNK _eAACR2 |
||
| 041 | 0 | _aslo | |
| 043 | _ae-xo--- | ||
| 044 |
_axo _cSK |
||
| 072 | 7 |
_a821.162.4-3 _xSlovenská próza _2konspekt |
|
| 080 |
_a821.162.4-32 _22011 |
||
| 080 |
_a(082.21) _22011 |
||
| 100 | 1 |
_aŠoltésová, Elena Maróthy, _d1855-1939 _4aut |
|
| 245 | 1 | 0 |
_aŽena _bvýber z tvorby _cElena Maróthy-Šoltésová, Ľudmila Podjavorinská |
| 260 |
_aRohovce _bInterpopulart Slovakia _c[1999] |
||
| 300 |
_a120 strán _c21 cm |
||
| 490 | 1 | _aPopulart. Slovenská realistická próza | |
| 490 | 1 | _aŠtudentská knižnica | |
| 655 | 7 |
_avýbery _2SNKPH |
|
| 655 | 7 |
_aslovenské poviedky _2SNKPH |
|
| 700 | 1 |
_aPodjavorinská, Ľudmila, _d1872-1951 _4aut |
|
| 830 | 0 |
_aPopulart _pSlovenská realistická próza |
|
| 830 | 0 | _aŠtudentská knižnica | |
| 910 | _asnk | ||
| 942 |
_2ddc _cKLDO _n0 |
||
| 949 |
_6270001000003157 _asvkbbA 94677 _p613.241 |
||
| 949 |
_6270001000003158 _asvkbbA 94677 _p612.586 |
||
| 949 |
_6270001000003159 _asvkbbA 94677 _p612.585 |
||
| 949 |
_617A0378279 _9P60, <03>, [BOOK], {603} _asnkSC 111087 _bsnkKSP 3896/2003 _s6100:20210419 |
||
| 999 |
_c20437 _d20437 |
||